[Event "World Junior U20 Girls 2018"]
[Site "Gebze"]
[Date "2018.09.08"]
[Round "5"]
[White "Vujcic, Milena"]
[Black "Yorgun, Yaren Naz"]
[Result "1/2-1/2"]
[WhiteElo "1955"]
[BlackElo "1751"]
[Annotator "NA"]
[PlyCount "73"]
[EventDate "2018.09.05"]
[EventType "swiss"]
[EventCountry "TUR"]
[SourceTitle "playchess.com"]
[Source "ChessBase"]
[SourceQuality "1"]
[TimeControl "40/5400+30:1800+30"]

1. e4 {[%emt 0:00:30]} e6 {[%emt 0:00:30]} 2. Qe2 {[%emt 0:00:00]} c5 {[%emt 0:00:30]} 3. Nf3 {[%emt 0:00:00]} Nc6 {[%emt 0:00:30]} 4. g3 {[%emt 0:00:30]} g6 {[%emt 0:01:30]} 5. Bg2 {[%emt 0:00:30]} Bg7 {[%emt 0:00:00]} 6. O-O {[%emt 0:00:00]} Nge7 {[%emt 0:00:00]} 7. d3 {[%emt 0:00:00]} O-O {[%emt 0:01:30]} 8. Nbd2 {[%emt 0:00:30]} d6 {[%emt 0:01:30]} 9. Re1 {[%emt 0:00:00]} a6 {[%emt 0:05:30]} 10. Nf1 {[%emt 0:02:00]} Nd4 {[%emt 0:06:30]} 11. Nxd4 {[%emt 0:01:30]} Bxd4 {[%emt 0:01:30]} 12. Bh6 {[%emt 0:09:30]} Bg7 {[%emt 0:05:30]} 13. Bxg7 {[%emt 0:00:30]} Kxg7 {[%emt 0:00:30]} 14. Ne3 {[%emt 0:04:30]} Rb8 {[%emt 0:06:30]} 15. Kh1 {[%emt 0:09:30]} Bd7 {[%emt 0:18:30]} 16. f4 {[%emt 0:02:30]} f5 {[%emt 0:07:30]} 17. e5 {[%emt 0:08:30]} dxe5 {[%emt 0:09:30]} 18. fxe5 {[%emt 0:00:30]} b5 {[%emt 0:00:30]} 19. Qf2 {[%emt 0:09:30]} Bc6 {[%emt 0:01:30]} 20. Bxc6 {[%emt 0:09:30]} Nxc6 {[%emt 0:00:30]} 21. Ng2 {[%emt 0:00:00]} Qd4 {[%emt 0:02:30]} 22. Qxd4 {[%emt 0:00:00]} Nxd4 {[%emt 0:01:30]} 23. Rac1 {[%emt 0:01:30]} Rfd8 {[%emt 0:00:30]} 24. c3 {[%emt 0:08:30]} Nc6 {[%emt 0:00:30]} 25. Nf4 {[%emt 0:01:30]} Kf7 {[%emt 0:02:30]} 26. h4 {[%emt 0:07:30]} Ne7 {[%emt 0:02:30]} 27. Red1 {[%emt 0:01:30]} Rb7 {[%emt 0:01:30]} 28. Rc2 {[%emt 0:01:30]} Nd5 {[%emt 0:01:30]} 29. Nxd5 {[%emt 0:00:30]} Rxd5 {[%emt 0:00:30]} 30. d4 {[%emt 0:00:30]} Rbd7 {[%emt 0:00:30]} 31. Rcd2 {[%emt 0:00:00]} Ke7 {[%emt 0:01:34]} 32. Kg2 {[%emt 0:01:00]} Rd8 {[%emt 0:01:53]} 33. Kf3 {[%emt 0:00:30]} c4 {[%emt 0:01:44]} 34. Ke3 {[%emt 0:01:30]} h5 {[%emt 0:01:35]} 35. b3 {[%emt 0:06:31]} Rc8 {[%emt 0:00:55]} 36. Rc1 {[%emt 0:00:39]} Rd7 {[%emt 0:00:48]} 37. Rb2 {[%emt 0:00:51]} 1/2-1/2

[Event "World Junior U20 Girls 2018"]
[Site "Gebze"]
[Date "2018.09.08"]
[Round "5"]
[White "Kyrkjebo, Hanna B"]
[Black "Gur, Tuba"]
[Result "1-0"]
[WhiteElo "1947"]
[BlackElo "1724"]
[Annotator "NA"]
[PlyCount "55"]
[EventDate "2018.09.05"]
[EventType "swiss"]
[EventCountry "TUR"]
[SourceTitle "playchess.com"]
[Source "ChessBase"]
[SourceQuality "1"]
[TimeControl "40/5400+30:1800+30"]

1. e4 {[%emt 0:01:30]} c5 {[%emt 0:00:30]} 2. Nf3 {[%emt 0:00:30]} e6 {[%emt 0:00:30]} 3. b3 {[%emt 0:00:00]} b6 {[%emt 0:00:00]} 4. Bd3 {[%emt 0:00:00]} Bb7 {[%emt 0:00:00]} 5. O-O {[%emt 0:00:00]} Nf6 {[%emt 0:00:30]} 6. e5 {[%emt 0:03:00]} Nd5 {[%emt 0:00:30]} 7. Be4 {[%emt 0:03:30]} Nc6 {[%emt 0:06:30]} 8. c4 {[%emt 0:03:30]} Nde7 {[%emt 0:02:30]} 9. d4 {[%emt 0:03:30]} cxd4 {[%emt 0:00:30]} 10. Nxd4 {[%emt 0:00:30]} Ng6 {[%emt 0:06:30]} 11. Nf3 {[%emt 0:10:30]} Qc7 {[%emt 0:06:30]} 12. Bb2 {[%emt 0:01:30]} Be7 {[%emt 0:04:30]} 13. Re1 {[%emt 0:04:30]} O-O {[%emt 0:00:30]} 14. Nc3 {[%emt 0:02:30]} a6 {[%emt 0:02:30]} 15. Rc1 {[%emt 0:08:30]} Rfd8 {[%emt 0:10:30]} 16. Nd5 {[%emt 0:14:30]} exd5 {[%emt 0:01:30]} 17. cxd5 {[%emt 0:00:30]} Bc5 {[%emt 0:00:30]} 18. dxc6 {[%emt 0:01:30]} dxc6 {[%emt 0:00:30]} 19. Qc2 {[%emt 0:01:30]} a5 {[%emt 0:06:30]} 20. e6 {[%emt 0:06:30]} Nf8 {[%emt 0:13:30]} 21. Ng5 {[%emt 0:17:23]} Nxe6 {[%emt 0:07:30]} 22. Bxh7+ {[%emt 0:01:42]} Kh8 {[%emt 0:01:30]} 23. Rxe6 {[%emt 0:03:28]} Qf4 {[%emt 0:01:30]} 24. Re5 {[%emt 0:06:12]} Bd6 {[%emt 0:08:55]} 25. g3 {[%emt 0:00:50]} Qxc1+ {[%emt 0:06:20]} 26. Bxc1 {[%emt 0:01:51]} Rd7 {[%emt 0:01:02]} 27. Re1 {[%emt 0:01:32]} Rad8 {[%emt 0:01:23]} 28. Bg8 {[%emt 0:01:19]} 1-0

[Event "World Junior U20 Girls 2018"]
[Site "Gebze"]
[Date "2018.09.08"]
[Round "5"]
[White "Kyrkjebo, Marte B"]
[Black "Bail, Ellen Larissa"]
[Result "1/2-1/2"]
[WhiteElo "1935"]
[BlackElo "1832"]
[Annotator "NA"]
[PlyCount "79"]
[EventDate "2018.09.05"]
[EventType "swiss"]
[EventCountry "TUR"]
[SourceTitle "playchess.com"]
[Source "ChessBase"]
[SourceQuality "1"]
[TimeControl "40/5400+30:1800+30"]

1. e4 {[%emt 0:00:30]} c5 {[%emt 0:00:30]} 2. Nf3 {[%emt 0:00:30]} g6 {[%emt 0:00:30]} 3. d4 {[%emt 0:00:30]} cxd4 {[%emt 0:00:30]} 4. Qxd4 {[%emt 0:00:00]} Nf6 {[%emt 0:00:00]} 5. Nc3 {[%emt 0:00:00]} Nc6 {[%emt 0:00:00]} 6. Qa4 {[%emt 0:00:30]} d6 {[%emt 0:01:30]} 7. e5 {[%emt 0:01:30]} dxe5 {[%emt 0:00:30]} 8. Nxe5 {[%emt 0:00:30]} Bg7 {[%emt 0:08:30]} 9. Bb5 {[%emt 0:18:30]} Bd7 {[%emt 0:01:30]} 10. Nxc6 {[%emt 0:05:30]} bxc6 {[%emt 0:01:30]} 11. Bxc6 {[%emt 0:03:30]} Qc7 {[%emt 0:31:30]} 12. Bxd7+ {[%emt 0:05:30]} Nxd7 {[%emt 0:00:30]} 13. O-O {[%emt 0:09:30]} Bxc3 {[%emt 0:00:30]} 14. bxc3 {[%emt 0:00:30]} O-O {[%emt 0:01:30]} 15. Be3 {[%emt 0:06:30]} Rfd8 {[%emt 0:07:30]} 16. Qb4 {[%emt 0:09:30]} Nf6 {[%emt 0:07:30]} 17. Qc5 {[%emt 0:05:30]} Rdc8 {[%emt 0:21:16]} 18. Qxc7 {[%emt 0:15:16]} Rxc7 {[%emt 0:00:09]} 19. Bd4 {[%emt 0:01:12]} Nd5 {[%emt 0:00:25]} 20. Rfe1 {[%emt 0:02:23]} Nxc3 {[%emt 0:00:44]} 21. Bxc3 {[%emt 0:01:31]} Rxc3 {[%emt 0:00:07]} 22. Rxe7 {[%emt 0:01:40]} Rxc2 {[%emt 0:00:09]} 23. Kf1 {[%emt 0:01:20]} Rd8 {[%emt 0:04:48]} 24. Re2 {[%emt 0:02:47]} Rdd2 {[%emt 0:01:22]} 25. Rxd2 {[%emt 0:01:50]} Rxd2 {[%emt 0:00:08]} 26. a3 {[%emt 0:01:45]} Kg7 {[%emt 0:01:25]} 27. Re1 {[%emt 0:02:35]} Rd3 {[%emt 0:03:31]} 28. Re3 {[%emt 0:00:35]} Rxe3 {[%emt 0:00:37]} 29. fxe3 {[%emt 0:00:02]} Kf6 {[%emt 0:00:00]} 30. Kf2 {[%emt 0:00:27]} h5 {[%emt 0:02:42]} 31. Kf3 {[%emt 0:01:06]} Ke5 {[%emt 0:00:28]} 32. Ke2 {[%emt 0:00:35]} Ke4 {[%emt 0:00:55]} 33. Kd2 {[%emt 0:01:18]} g5 {[%emt 0:01:47]} 34. h3 {[%emt 0:01:02]} f5 {[%emt 0:01:06]} 35. Ke2 {[%emt 0:00:33]} f4 {[%emt 0:01:04]} 36. exf4 {[%emt 0:00:23]} Kxf4 {[%emt 0:00:11]} 37. Kf2 {[%emt 0:00:40]} h4 {[%emt 0:00:41]} 38. Ke2 {[%emt 0:00:31]} Ke4 {[%emt 0:00:37]} 39. Kd2 {[%emt 0:00:31]} Kf4 {[%emt 0:00:37]} 40. Ke2 {[%emt 0:00:45]} 1/2-1/2

[Event "World Junior U20 Girls 2018"]
[Site "Gebze"]
[Date "2018.09.08"]
[Round "5"]
[White "Salah, Nadezhda"]
[Black "Schneider, Jana"]
[Result "0-1"]
[WhiteElo "1918"]
[BlackElo "2190"]
[Annotator "NA"]
[PlyCount "84"]
[EventDate "2018.09.05"]
[EventType "swiss"]
[EventCountry "TUR"]
[SourceTitle "playchess.com"]
[Source "ChessBase"]
[SourceQuality "1"]
[TimeControl "40/5400+30:1800+30"]

1. c4 {[%emt 0:00:30]} e5 {[%emt 0:03:30]} 2. Nc3 {[%emt 0:00:30]} Nc6 {[%emt 0:00:30]} 3. e3 {[%emt 0:00:30]} Bc5 {[%emt 0:05:30]} 4. a3 {[%emt 0:07:30]} a6 {[%emt 0:03:30]} 5. b4 {[%emt 0:02:30]} Ba7 {[%emt 0:00:00]} 6. Qg4 {[%emt 0:01:30]} Kf8 {[%emt 0:05:00]} 7. Nd5 {[%emt 0:07:30]} d6 {[%emt 0:04:30]} 8. Qg3 {[%emt 0:04:30]} Nge7 {[%emt 0:05:30]} 9. Bb2 {[%emt 0:09:30]} h5 {[%emt 0:09:30]} 10. f4 {[%emt 0:02:30]} Nf5 {[%emt 0:10:30]} 11. Qf2 {[%emt 0:01:30]} e4 {[%emt 0:12:30]} 12. Ne2 {[%emt 0:11:30]} Nfe7 {[%emt 0:02:30]} 13. Nec3 {[%emt 0:08:30]} Bf5 {[%emt 0:00:30]} 14. g3 {[%emt 0:18:30]} Nxd5 {[%emt 0:05:30]} 15. cxd5 {[%emt 0:01:59]} Nb8 {[%emt 0:00:30]} 16. Bg2 {[%emt 0:00:48]} Qe7 {[%emt 0:00:30]} 17. h3 {[%emt 0:00:15]} Nd7 {[%emt 0:08:45] [#]} 18. g4 $16 {[%emt 0:01:59]} hxg4 {[%emt 0:00:15]} 19. hxg4 {[%emt 0:00:22]} Rxh1+ {[%emt 0:00:30]} 20. Bxh1 {[%emt 0:00:00]} Bh7 {[%emt 0:00:30]} 21. Qh2 {[%emt 0:01:49]} Kg8 {[%emt 0:00:48]} 22. O-O-O {[%emt 0:05:43]} c6 {[%emt 0:00:56]} 23. Bg2 {[%emt 0:02:51]} cxd5 {[%emt 0:00:31]} 24. Rh1 {[%emt 0:00:54]} Nf8 {[%emt 0:00:30]} 25. Nxd5 {[%emt 0:00:00]} Qe6 {[%emt 0:00:27]} 26. Nc3 {[%emt 0:00:48]} Rc8 {[%emt 0:02:16]} 27. Kb1 {[%emt 0:00:34]} Qc4 {[%emt 0:04:21]} 28. Ka1 {[%emt 0:04:27]} d5 {[%emt 0:00:41]} 29. Qh5 {[%emt 0:00:17]} Rd8 {[%emt 0:04:08]} 30. g5 {[%emt 0:01:23]} Qd3 {[%emt 0:03:19]} 31. Qd1 {[%emt 0:00:11]} Qc4 {[%emt 0:01:10]} 32. Qh5 {[%emt 0:00:52]} Qd3 {[%emt 0:00:11]} 33. g6 {[%emt 0:01:40]} fxg6 {[%emt 0:00:45]} 34. Qe5 {[%emt 0:00:09]} Bb8 {[%emt 0:01:34]} 35. Qe7 {[%emt 0:00:17]} Rd7 {[%emt 0:00:13]} 36. Qe8 {[%emt 0:00:19]} Bd6 {[%emt 0:03:33]} 37. Bh3 {[%emt 0:00:16]} Re7 {[%emt 0:00:37]} 38. Qd8 {[%emt 0:00:10]} d4 {[%emt 0:00:00]} 39. Nd5 {[%emt 0:00:34]} Rf7 {[%emt 0:02:38]} 40. Be6 {[%emt 0:00:00]} dxe3 {[%emt 0:00:52]} 41. Bxf7+ {[%emt 0:01:53]} Kxf7 {[%emt 0:00:00]} 42. Qd7+ {[%emt 0:00:30]} Nxd7 {[%emt 0:00:30]} 0-1

[Event "World Junior U20 Girls 2018"]
[Site "Gebze"]
[Date "2018.09.08"]
[Round "5"]
[White "Doroy Allaney Jia G"]
[Black "Catal, Uktenur"]
[Result "1/2-1/2"]
[WhiteElo "1914"]
[BlackElo "1809"]
[Annotator "NA"]
[PlyCount "52"]
[EventDate "2018.09.05"]
[EventType "swiss"]
[EventCountry "TUR"]
[SourceTitle "playchess.com"]
[Source "ChessBase"]
[SourceQuality "1"]
[TimeControl "40/5400+30:1800+30"]

1. c4 {[%emt 0:00:30]} e5 {[%emt 0:00:30]} 2. Nc3 {[%emt 0:00:30]} Nf6 {[%emt 0:00:00]} 3. Nf3 {[%emt 0:00:30]} Nc6 {[%emt 0:00:00]} 4. d4 {[%emt 0:00:30]} exd4 {[%emt 0:00:30]} 5. Nxd4 {[%emt 0:00:30]} Bb4 {[%emt 0:00:30]} 6. e3 {[%emt 0:02:30]} Bxc3+ {[%emt 0:02:30]} 7. bxc3 {[%emt 0:00:30]} d6 {[%emt 0:00:30]} 8. Be2 {[%emt 0:00:30]} O-O {[%emt 0:00:30]} 9. O-O {[%emt 0:00:30]} Re8 {[%emt 0:00:30]} 10. Rb1 {[%emt 0:03:30]} Ne5 {[%emt 0:19:30]} 11. Qc2 {[%emt 0:05:30]} c5 {[%emt 0:07:30]} 12. Nf3 {[%emt 0:03:30]} Nc6 {[%emt 0:01:30]} 13. Bd3 {[%emt 0:09:30]} Qe7 {[%emt 0:02:30]} 14. Re1 {[%emt 0:07:30]} h6 {[%emt 0:05:30]} 15. e4 {[%emt 0:05:30]} Ng4 {[%emt 0:02:30]} 16. Bf4 {[%emt 0:03:30]} Nge5 {[%emt 0:00:30]} 17. Nd2 {[%emt 0:06:30]} Be6 {[%emt 0:02:30]} 18. Be2 {[%emt 0:03:30]} b6 {[%emt 0:06:30]} 19. Bg3 {[%emt 0:01:30]} Na5 {[%emt 0:01:30]} 20. Qa4 {[%emt 0:07:30]} Bd7 {[%emt 0:03:30]} 21. Qd1 {[%emt 0:01:30]} Be6 {[%emt 0:16:30]} 22. Qa4 {[%emt 0:11:30]} Bd7 {[%emt 0:01:30]} 23. Qd1 {[%emt 0:00:30]} Be6 {[%emt 0:01:30]} 24. Qa4 {[%emt 0:00:00]} Bd7 {[%emt 0:00:30]} 25. Qd1 {[%emt 0:00:00]} Be6 {[%emt 0:00:30]} 26. Qa4 {[%emt 0:00:30]} Bd7 {[%emt 0:00:30]} 1/2-1/2

[Event "World Junior U20 Girls 2018"]
[Site "Gebze"]
[Date "2018.09.08"]
[Round "5"]
[White "Ince, Safiye Oyku"]
[Black "Incecik, Seyma Zeynep"]
[Result "1/2-1/2"]
[WhiteElo "1905"]
[BlackElo "1716"]
[Annotator "NA"]
[PlyCount "68"]
[EventDate "2018.09.05"]
[EventType "swiss"]
[EventCountry "TUR"]
[SourceTitle "playchess.com"]
[Source "ChessBase"]
[SourceQuality "1"]
[TimeControl "40/5400+30:1800+30"]

1. e4 {[%emt 0:00:30]} d5 {[%emt 0:00:30]} 2. exd5 {[%emt 0:00:30]} Qxd5 {[%emt 0:00:30]} 3. Nc3 {[%emt 0:00:30]} Qa5 {[%emt 0:00:00]} 4. d4 {[%emt 0:00:00]} c6 {[%emt 0:00:00]} 5. Bc4 {[%emt 0:00:00]} Nf6 {[%emt 0:00:30]} 6. Nf3 {[%emt 0:00:00]} Bf5 {[%emt 0:00:00]} 7. Ne5 {[%emt 0:00:00]} e6 {[%emt 0:01:00]} 8. Qe2 {[%emt 0:03:30]} Bb4 {[%emt 0:04:30]} 9. Bd2 {[%emt 0:00:30]} Nbd7 {[%emt 0:04:30]} 10. O-O-O {[%emt 0:01:30]} Nxe5 {[%emt 0:03:30]} 11. dxe5 {[%emt 0:00:30]} Nd5 {[%emt 0:01:30]} 12. Bxd5 {[%emt 0:06:30]} exd5 {[%emt 0:00:30]} 13. g4 {[%emt 0:00:30]} Be6 {[%emt 0:32:30]} 14. a3 {[%emt 0:16:30]} Bxa3 {[%emt 0:12:30]} 15. Nb1 {[%emt 0:00:00]} Bb4 {[%emt 0:00:30]} 16. f4 {[%emt 0:00:00]} d4 {[%emt 0:05:30]} 17. f5 {[%emt 0:03:30]} Bd5 {[%emt 0:00:30]} 18. Rhf1 {[%emt 0:01:30]} O-O-O {[%emt 0:00:30]} 19. Bf4 {[%emt 0:04:30]} Qa1 {[%emt 0:07:30]} 20. Bd2 {[%emt 0:03:30]} Bc5 {[%emt 0:11:16]} 21. c4 {[%emt 0:00:30]} dxc3 {[%emt 0:04:49]} 22. Bxc3 {[%emt 0:00:00]} Ba2 {[%emt 0:03:26]} 23. Kc2 {[%emt 0:00:00]} Rxd1 {[%emt 0:02:27]} 24. Rxd1 {[%emt 0:00:00]} Bxb1+ {[%emt 0:00:31]} 25. Rxb1 {[%emt 0:00:00]} Qa4+ {[%emt 0:00:00]} 26. b3 {[%emt 0:00:00]} Qf4 {[%emt 0:00:42]} 27. Rf1 {[%emt 0:01:00]} Qe3 {[%emt 0:01:06]} 28. Qxe3 {[%emt 0:00:30]} Bxe3 {[%emt 0:00:00]} 29. f6 {[%emt 0:07:30]} gxf6 {[%emt 0:01:59]} 30. Rxf6 {[%emt 0:00:00]} Rf8 {[%emt 0:00:33]} 31. e6 {[%emt 0:01:00]} Kd8 {[%emt 0:00:19]} 32. Rf3 {[%emt 0:00:30]} Bc5 {[%emt 0:00:35]} 33. Bg7 {[%emt 0:02:30]} Rg8 {[%emt 0:00:07]} 34. Rxf7 {[%emt 0:00:00]} Be7 {[%emt 0:00:21]} 1/2-1/2

[Event "World Junior U20 Girls 2018"]
[Site "Gebze"]
[Date "2018.09.08"]
[Round "5"]
[White "Aksoy, Ayca"]
[Black "Auvray, Honorine"]
[Result "0-1"]
[WhiteElo "1898"]
[BlackElo "2050"]
[Annotator "NA"]
[PlyCount "52"]
[EventDate "2018.09.05"]
[EventType "swiss"]
[EventCountry "TUR"]
[SourceTitle "playchess.com"]
[Source "ChessBase"]
[SourceQuality "1"]
[TimeControl "40/5400+30:1800+30"]

1. Nf3 {[%emt 0:00:30]} g6 {[%emt 0:00:30]} 2. d4 {[%emt 0:00:00]} Bg7 {[%emt 0:00:30]} 3. Bg5 {[%emt 0:01:00]} c5 {[%emt 0:00:30]} 4. c3 {[%emt 0:03:30] A40: Unusual replies to 1 d4} Qa5 {[%emt 0:04:30]} (4... Nf6 5. e3 O-O 6. Nbd2 b6 7. a4 Bb7 8. Be2 d6 9. O-O a6 10. Ne1 Nbd7 11. Bf3 d5 12. Nd3 h6 13. Bxf6 Bxf6 14. a5 cxd4 15. exd4 {1-0 (57) Megaranto,S (2535)-Andreikin,D (2743) Almaty 2016}) 5. dxc5 {[%emt 0:03:30]} Qxc5 {[%emt 0:01:30]} 6. e4 {[%emt 0:00:30]} d6 {[%emt 0:04:30]} 7. Nbd2 {[%emt 0:01:30]} Nf6 {[%emt 0:01:30]} 8. Be2 $146 {[%emt 0:01:30]} ({Predecessor:} 8. Bd3 O-O 9. O-O Nbd7 10. a4 {0-1 (51) Sell,A (2280)-Dankert,P (2275) Germany 1998}) 8... O-O {[%emt 0:05:30]} 9. O-O {[%emt 0:00:30]} b6 {[%emt 0:06:30]} 10. Re1 {[%emt 0:11:30]} Bb7 {[%emt 0:05:30]} 11. Bd3 {[%emt 0:01:30]} Nbd7 {[%emt 0:02:30]} 12. Qe2 {[%emt 0:00:30]} h6 {[%emt 0:07:30]} 13. Be3 {[%emt 0:03:30]} Qc7 {[%emt 0:00:30]} 14. Nd4 {[%emt 0:04:30]} a6 {[%emt 0:04:30]} 15. c4 {[%emt 0:11:30]} e6 {[%emt 0:07:30]} 16. Rac1 {[%emt 0:01:30]} Nc5 {[%emt 0:02:30]} 17. f3 {[%emt 0:01:30]} Rac8 {[%emt 0:06:30]} 18. Bc2 {[%emt 0:16:30]} d5 {[%emt 0:06:30]} 19. b4 {[%emt 0:07:30]} Ncd7 {[%emt 0:00:30]} 20. exd5 {[%emt 0:01:30]} exd5 {[%emt 0:03:30]} 21. Bb3 {[%emt 0:01:30]} Qd6 {[%emt 0:01:30]} 22. a3 {[%emt 0:02:30]} Rfe8 {[%emt 0:03:30]} 23. Rcd1 $15 {[%emt 0:05:23]} Ng4 {[%emt 0:06:14]} 24. Ne4 {[%emt 0:07:40]} Qxh2+ {[%emt 0:00:35]} 25. Kf1 {[%emt 0:00:31]} Nxe3+ {[%emt 0:01:13]} 26. Qxe3 {[%emt 0:00:21]} dxe4 {[%emt 0:00:00]} 0-1

[Event "World Junior U20 Girls 2018"]
[Site "Gebze"]
[Date "2018.09.08"]
[Round "5"]
[White "Koljevic, Nikolina"]
[Black "Esti, Kubra Selenay"]
[Result "1/2-1/2"]
[WhiteElo "1898"]
[BlackElo "1662"]
[Annotator "NA"]
[PlyCount "60"]
[EventDate "2018.09.05"]
[EventType "swiss"]
[EventCountry "TUR"]
[SourceTitle "playchess.com"]
[Source "ChessBase"]
[SourceQuality "1"]
[TimeControl "40/5400+30:1800+30"]

1. e4 {[%emt 0:00:30]} g6 {[%emt 0:00:30]} 2. d4 {[%emt 0:00:30]} Bg7 {[%emt 0:00:00]} 3. Nc3 {[%emt 0:00:00]} c6 {[%emt 0:01:00]} 4. Be3 {[%emt 0:00:00]} d6 {[%emt 0:02:30]} 5. f3 {[%emt 0:00:30]} a6 {[%emt 0:01:30]} 6. Qd2 {[%emt 0:02:30]} b5 {[%emt 0:00:30]} 7. a4 {[%emt 0:00:30]} b4 {[%emt 0:06:30]} 8. Nd1 {[%emt 0:00:00]} a5 {[%emt 0:02:30]} 9. g4 {[%emt 0:00:00]} Ba6 {[%emt 0:02:30]} 10. Bxa6 {[%emt 0:02:30]} Nxa6 {[%emt 0:00:30]} 11. h4 {[%emt 0:01:30]} h5 {[%emt 0:09:30]} 12. g5 {[%emt 0:01:30]} Qc7 {[%emt 0:10:30]} 13. Nh3 {[%emt 0:18:30]} e6 {[%emt 0:06:30]} 14. Ndf2 {[%emt 0:09:30]} Ne7 {[%emt 0:01:30]} 15. O-O {[%emt 0:02:30]} O-O {[%emt 0:10:30]} 16. Nh1 {[%emt 0:06:30]} c5 {[%emt 0:04:30]} 17. c3 {[%emt 0:03:30]} Rab8 {[%emt 0:07:30]} 18. Qd3 {[%emt 0:08:30]} Qc6 {[%emt 0:07:30]} 19. f4 {[%emt 0:05:30]} d5 {[%emt 0:01:30]} 20. e5 {[%emt 0:09:30]} Nf5 {[%emt 0:01:30]} 21. Bf2 {[%emt 0:00:30]} Rfc8 {[%emt 0:03:18]} 22. Ng3 {[%emt 0:03:30]} Nxg3 {[%emt 0:02:54]} 23. Qxg3 {[%emt 0:00:30]} c4 {[%emt 0:02:16]} 24. Be1 {[%emt 0:04:23]} b3 {[%emt 0:02:10]} 25. Bd2 {[%emt 0:02:49]} Nc7 {[%emt 0:01:17]} 26. f5 {[%emt 0:00:10]} exf5 {[%emt 0:02:16]} 27. Nf4 {[%emt 0:00:19]} Ne6 {[%emt 0:02:34]} 28. Nxe6 {[%emt 0:01:02]} fxe6 {[%emt 0:00:53]} 29. Bf4 {[%emt 0:00:56]} Bf8 {[%emt 0:00:13]} 30. Rfc1 {[%emt 0:01:05]} Be7 {[%emt 0:00:57]} 1/2-1/2

[Event "World Junior U20 Girls 2018"]
[Site "Gebze"]
[Date "2018.09.08"]
[Round "5"]
[White "Aydin, Gulenay"]
[Black "Ayan, Bengu Sena"]
[Result "1/2-1/2"]
[WhiteElo "1882"]
[BlackElo "1976"]
[Annotator "NA"]
[PlyCount "92"]
[EventDate "2018.09.05"]
[EventType "swiss"]
[EventCountry "TUR"]
[SourceTitle "playchess.com"]
[Source "ChessBase"]
[SourceQuality "1"]
[TimeControl "40/5400+30:1800+30"]

1. e4 {[%emt 0:00:30]} e6 {[%emt 0:00:30]} 2. d4 {[%emt 0:00:00]} d5 {[%emt 0:00:00]} 3. Nd2 {[%emt 0:01:00]} Nc6 {[%emt 0:00:00]} 4. Ngf3 {[%emt 0:00:30]} Nf6 {[%emt 0:00:00]} 5. e5 {[%emt 0:00:30]} Nd7 {[%emt 0:00:00]} 6. c4 {[%emt 0:01:30]} dxc4 {[%emt 0:04:30] C04: French Tarrasch: 3...Nc6} (6... Be7 7. Bd3 Nb4 8. Bb1 dxc4 9. Nxc4 Nb6 10. Ncd2 Bd7 11. a3 N4d5 12. O-O Ba4 13. Bc2 Qd7 14. Ne4 Bxc2 15. Qxc2 {½-½ (49) Jobava,B (2706)-Kuzubov,Y (2615) Plovdiv 2012}) 7. Nxc4 {[%emt 0:01:30]} Nb6 {[%emt 0:02:30]} 8. a3 {[%emt 0:02:30]} Be7 {[%emt 0:06:30]} 9. Bd3 {[%emt 0:03:30]} Nd5 {[%emt 0:15:30]} 10. O-O {[%emt 0:07:30]} a5 {[%emt 0:06:30]} 11. Re1 $146 {[%emt 0:12:30]} ({Predecessor:} 11. Qc2 a4 12. Bd2 Bd7 13. Bxh7 Qb8 14. Be4 {1-0 (34) Huschenbeth,N (2533)-Michna,M (2332) Hamburg 2014}) 11... h6 {[%emt 0:07:30]} 12. Bc2 {[%emt 0:06:30]} Nb8 {[%emt 0:04:30]} 13. Nfd2 {[%emt 0:12:30]} b6 {[%emt 0:06:30]} 14. Qg4 {[%emt 0:08:30]} g6 {[%emt 0:01:30]} 15. Ne4 {[%emt 0:08:30]} Nd7 {[%emt 0:04:30]} 16. Bd2 {[%emt 0:05:30]} Ba6 {[%emt 0:04:30]} 17. Ne3 {[%emt 0:04:30]} Bb7 {[%emt 0:02:30]} 18. Nxd5 {[%emt 0:02:27]} Bxd5 {[%emt 0:00:30]} 19. Nc3 {[%emt 0:00:31]} c6 {[%emt 0:01:30]} 20. Nxd5 {[%emt 0:03:54]} cxd5 {[%emt 0:00:30]} 21. f4 {[%emt 0:05:09]} h5 {[%emt 0:03:30]} 22. Qf3 {[%emt 0:00:01]} b5 {[%emt 0:02:30]} 23. g3 {[%emt 0:01:08]} Qb6 {[%emt 0:01:30]} 24. Qd3 {[%emt 0:01:28]} Kf8 {[%emt 0:02:30]} 25. h3 {[%emt 0:00:41]} Kg7 {[%emt 0:01:30]} 26. Kg2 {[%emt 0:00:56]} Nb8 {[%emt 0:03:31]} 27. Rh1 {[%emt 0:03:44]} Nc6 {[%emt 0:00:53]} 28. Be3 {[%emt 0:00:02]} b4 {[%emt 0:03:55]} 29. a4 {[%emt 0:02:29]} Qa6 {[%emt 0:03:57]} 30. Qd2 {[%emt 0:00:59]} Bd8 {[%emt 0:02:42]} 31. g4 {[%emt 0:02:22]} Ne7 {[%emt 0:01:38]} 32. Bd3 {[%emt 0:01:37]} Qb6 {[%emt 0:01:22]} 33. Rhf1 {[%emt 0:00:46]} Rc8 {[%emt 0:02:03]} 34. Rac1 {[%emt 0:00:41]} Rc6 {[%emt 0:02:11]} 35. Bb5 {[%emt 0:00:00]} Rxc1 {[%emt 0:00:05]} 36. Rxc1 {[%emt 0:00:18]} Qb7 {[%emt 0:00:30]} 37. Rc2 {[%emt 0:00:30]} Bb6 {[%emt 0:00:30]} 38. b3 {[%emt 0:01:06]} hxg4 {[%emt 0:01:31]} 39. hxg4 {[%emt 0:00:30]} Rc8 {[%emt 0:00:00]} 40. Kf3 {[%emt 0:00:00]} Qa8 {[%emt 0:00:00]} 41. Rc1 {[%emt 0:12:05]} Rxc1 {[%emt 0:03:12]} 42. Qxc1 {[%emt 0:00:30]} Qh8 {[%emt 0:02:30]} 43. Qf1 {[%emt 0:04:16]} Qc8 {[%emt 0:03:30]} 44. Qd3 {[%emt 0:01:42]} Qh8 {[%emt 0:02:30]} 45. Qf1 $11 {[%emt 0:00:06]} Nc8 {[%emt 0:01:30]} 46. Bd7 {[%emt 0:06:58]} Ne7 {[%emt 0:04:42]} 1/2-1/2